00443nam a22001817a 450000500170000001000150001702000100003203500130004203700130005508200080006810000160007624500340009226000390012627000580016530000230022365000120024670000030025820100818111233.0 aENG-100826 c30.00 aEN-84359 bDBAD/PUB a000 aBabu, J. V. aPhisics quiz /cby J. V. Babu aVijayawadabRushi Book Housec2008 a14-11-14/1, Atchutaramaiah StreetbVijayawadae520003 a80 p. c23cm (Pbk) aPhisics